000
00249nam a2200097Ia 4500
001
772204
005
20250826165728.0
008
250824s9999 xx 000 0 und d
245
0
_a
UMUT HAYAT AKAN BİR SUDUR
_c
AYŞE KULİN
260
_b
EVEREST YAYINLARI
999
_c
772204
_d
772204